<?xml version="1.0" encoding="UTF-8"?>
<record
    xmlns:xsi="http://www.w3.org/2001/XMLSchema-instance"
    xsi:schemaLocation="http://www.loc.gov/MARC21/slim http://www.loc.gov/standards/marcxml/schema/MARC21slim.xsd"
    xmlns="http://www.loc.gov/MARC21/slim">

  <leader>03958cam a22004694i 4500</leader>
  <controlfield tag="003">PE-LiUPU</controlfield>
  <controlfield tag="005">20250731165418.0</controlfield>
  <controlfield tag="008">151211s2013    pe a   grm    000 0 spa d</controlfield>
  <datafield tag="035" ind1=" " ind2=" ">
    <subfield code="a">(Sirsi) a155490</subfield>
  </datafield>
  <datafield tag="040" ind1=" " ind2=" ">
    <subfield code="a">PE-LiUPU</subfield>
    <subfield code="b">spa</subfield>
    <subfield code="c">PE-LiUPU</subfield>
    <subfield code="e">rda</subfield>
  </datafield>
  <datafield tag="082" ind1="0" ind2="4">
    <subfield code="a">269.2</subfield>
    <subfield code="b">H96 T3</subfield>
  </datafield>
  <datafield tag="099" ind1=" " ind2=" ">
    <subfield code="a">TT 3</subfield>
    <subfield code="b">H96 2013</subfield>
  </datafield>
  <datafield tag="100" ind1="1" ind2=" ">
    <subfield code="a">Hurtado Castillo, El&#xED;as</subfield>
    <subfield code="e">autor</subfield>
  </datafield>
  <datafield tag="245" ind1="1" ind2=" ">
    <subfield code="a">Factores que influyen en el evangelismo personal de los feligreses adventistas del distrito misionero de Linares, Chile, 2012 /</subfield>
    <subfield code="c">Elias Hurtado Castillo.</subfield>
  </datafield>
  <datafield tag="264" ind1=" " ind2="0">
    <subfield code="c">2013.</subfield>
  </datafield>
  <datafield tag="300" ind1=" " ind2=" ">
    <subfield code="a">84 hojas : </subfield>
    <subfield code="b">ilustraciones;</subfield>
    <subfield code="c">28 cm</subfield>
  </datafield>
  <datafield tag="336" ind1=" " ind2=" ">
    <subfield code="a">text</subfield>
    <subfield code="2">rdacontent</subfield>
  </datafield>
  <datafield tag="337" ind1=" " ind2=" ">
    <subfield code="a">unmediated</subfield>
    <subfield code="2">rdamedia</subfield>
  </datafield>
  <datafield tag="338" ind1=" " ind2=" ">
    <subfield code="a">volume</subfield>
    <subfield code="2">rdacarrier</subfield>
  </datafield>
  <datafield tag="502" ind1=" " ind2=" ">
    <subfield code="a">Tesis</subfield>
    <subfield code="b">(Mg.) -- </subfield>
    <subfield code="c">Universidad Peruana Uni&#xF3;n,</subfield>
    <subfield code="d">2013.</subfield>
  </datafield>
  <datafield tag="504" ind1=" " ind2=" ">
    <subfield code="a">Incluye referencias</subfield>
  </datafield>
  <datafield tag="520" ind1="3" ind2=" ">
    <subfield code="a">La investigaci&#xF3;n es de tipo descriptivo, explicativo. Descriptivo porque se ha descubierto y ha medido cada uno de los elementos de las variables propuestas en la investigaci&#xF3;n. Explicativo, porque se ha medido la influencia entre las variables predictoras y la variable criterio. El dise&#xF1;o es no experimental de corte transversal. No experimental, porque no se ha manipulado las variables de estudio; es transversal, porque la recopilaci&#xF3;n de datos se realiz&#xF3; en un solo momento y por &#xFA;nica vez. &#xBF;Cu&#xE1;les son los factores que influyen en el evangelismo personal de los feligreses de la IASD del distrito misionero de Linares, Chile, a&#xF1;o 2012?. Determinar los factores que influyen en el evangelismo personal en los feligreses de la IASD del distrito misionero de Linares, Chile, a&#xF1;o 2012. Hi: Los factores: edad, sexo, estado civil, nivel socioecon&#xF3;mico, devoci&#xF3;n personal, capacitaci&#xF3;n misionera y participaci&#xF3;n en la iglesia, influyen en el evangelismo personal en los feligreses de la IASD del distrito misionero de Chile, a&#xF1;o 2012. Ho: Los factores: edad, sexo, estado civil, nivel socioecon&#xF3;mico, devoci&#xF3;n personal, capacitaci&#xF3;n misionera y participaci&#xF3;n en la iglesia, no influyen en el evangelismo personal en los feligreses de la IASD del distrito misionero de Linares, Chile, a&#xF1;o 2012. El evangelismo personal es la ense&#xF1;anza y la presentaci&#xF3;n directa de la Palabra de Dios de persona a persona. Al respecto se expone la base b&#xED;blica y teol&#xF3;gica del evangelismo personal. Resultados: El distrito misionero de Linares tiene la caracter&#xED;stica de poseerla mayor cantidad de miembros adultos, cuyas edades superan los 45 a&#xF1;os. La presencia del sexo femenino es superior a la del masculino. La mayor parte de miembros de iglesia son casados. La mayor&#xED;a de los feligreses tienen un nivel socioecon&#xF3;mico alto. Asimismo, la mayor&#xED;a realiza su devoci&#xF3;n personal continuamente y ha participado en seminarios, reuniones y programas sobre temas de evangelismo. Por otro lado, el mayor porcentaje de feligreses est&#xE1; constituido por participantes activos; sin embargo m&#xE1;s de la mitad no realiza evangelismo personal. Las variables: edad, estado civil, nivel socioecon&#xF3;mico y participaci&#xF3;n en la iglesia, no se asocian con el evangelismo personal. En cambio, las variables: "sexo&#xB0;, devoci&#xF3;n personal y capacitaci&#xF3;n misionera, si se asocian  con el evangelismo personal. Por otro lado, se ha determinado que solo las variables: sexo y devoci&#xF3;n personal influyen en el evangelismo personal.</subfield>
  </datafield>
  <datafield tag="526" ind1=" " ind2=" ">
    <subfield code="a">SEG44</subfield>
  </datafield>
  <datafield tag="526" ind1=" " ind2=" ">
    <subfield code="a">SEG26</subfield>
  </datafield>
  <datafield tag="526" ind1=" " ind2=" ">
    <subfield code="a">P151</subfield>
  </datafield>
  <datafield tag="526" ind1=" " ind2=" ">
    <subfield code="a">P150</subfield>
  </datafield>
  <datafield tag="526" ind1=" " ind2=" ">
    <subfield code="a">P149</subfield>
  </datafield>
  <datafield tag="526" ind1=" " ind2=" ">
    <subfield code="a">P146</subfield>
  </datafield>
  <datafield tag="526" ind1=" " ind2=" ">
    <subfield code="a">P145</subfield>
  </datafield>
  <datafield tag="526" ind1=" " ind2=" ">
    <subfield code="a">P126</subfield>
  </datafield>
  <datafield tag="526" ind1=" " ind2=" ">
    <subfield code="a">P125</subfield>
  </datafield>
  <datafield tag="526" ind1=" " ind2=" ">
    <subfield code="a">P92</subfield>
  </datafield>
  <datafield tag="526" ind1=" " ind2=" ">
    <subfield code="a">P75</subfield>
  </datafield>
  <datafield tag="526" ind1=" " ind2=" ">
    <subfield code="a">P74</subfield>
  </datafield>
  <datafield tag="526" ind1=" " ind2=" ">
    <subfield code="a">P27</subfield>
  </datafield>
  <datafield tag="526" ind1=" " ind2=" ">
    <subfield code="a">P15</subfield>
  </datafield>
  <datafield tag="650" ind1="0" ind2="4">
    <subfield code="a">Evangelismo personalxAdventistas del s&#xE9;ptimo d&#xED;a</subfield>
    <subfield code="z">Chile</subfield>
    <subfield code="v">Tesis.</subfield>
  </datafield>
  <datafield tag="650" ind1="0" ind2="4">
    <subfield code="a">Evangelismo</subfield>
    <subfield code="v">Tesis.</subfield>
  </datafield>
  <datafield tag="596" ind1=" " ind2=" ">
    <subfield code="a">1</subfield>
  </datafield>
  <datafield tag="942" ind1=" " ind2=" ">
    <subfield code="2">ddc</subfield>
    <subfield code="c">TESIS</subfield>
  </datafield>
  <datafield tag="999" ind1=" " ind2=" ">
    <subfield code="a">TT 3 H96 2013</subfield>
    <subfield code="w">ALPHANUM</subfield>
    <subfield code="c">8168</subfield>
    <subfield code="i">T01351</subfield>
    <subfield code="d">8168</subfield>
    <subfield code="l">CCODEBUL3</subfield>
    <subfield code="m">BUL</subfield>
    <subfield code="q">3</subfield>
    <subfield code="r">1</subfield>
    <subfield code="s">Y</subfield>
    <subfield code="t">TESIS</subfield>
    <subfield code="u">2015-12-11</subfield>
    <subfield code="x">POSGRADO</subfield>
    <subfield code="P">P85</subfield>
    <subfield code="o">.STAFF. Tesis</subfield>
  </datafield>
  <datafield tag="980" ind1=" " ind2=" ">
    <subfield code="8">1</subfield>
    <subfield code="g">ALBERTO SANCHEZ Responsable de Automatizaci&#xF3;n</subfield>
  </datafield>
  <datafield tag="952" ind1=" " ind2=" ">
    <subfield code="r">2018-07-11 00:00:00</subfield>
    <subfield code="l">0</subfield>
    <subfield code="o">TT 3 H96 2013</subfield>
    <subfield code="p">T01351</subfield>
    <subfield code="t">e1</subfield>
    <subfield code="w">2015-12-11</subfield>
    <subfield code="x">PG</subfield>
    <subfield code="y">TESIS</subfield>
    <subfield code="z">Este &#xCD;tem NO se presta por ser Ejemplar #1.</subfield>
    <subfield code="1">0</subfield>
    <subfield code="2">ddc</subfield>
    <subfield code="7">1</subfield>
    <subfield code="8">TESIS</subfield>
    <subfield code="f">P85</subfield>
    <subfield code="a">BUL</subfield>
    <subfield code="b">BUL</subfield>
    <subfield code="c">TESIS</subfield>
    <subfield code="d">2015-12-11</subfield>
  </datafield>
</record>
